000
00277nam a2200121 a 4500
008
100921s1975|||| d
245
1
0
_a
Ostrov tučniakov
100
1
_a
France, Anatole
020
_c
28
260
_b
Pravda
_a
Bratislava
_c
1975
044
_a
xo
_c
SK
041
_a
slo
999
_c
10573
_d
10573